| 000 | 00642nam a2200217 a 4500 | ||
|---|---|---|---|
| 005 | 20140310183213.0 | ||
| 008 | 970101s19uu xx 00 eng d | ||
| 020 | _a0205198287 | ||
| 050 |
_aHN 90.S6 _b.R35 1997 |
||
| 100 | _aKendall, Diana | ||
| 245 |
_aRace, class and gender in a diverse society : _ba text reader / _cDiana Kendall. |
||
| 260 |
_aBoston : _bAllyn and Bacon, _c1997. |
||
| 300 |
_a450 p. : _c23.5 cm. |
||
| 500 | _aIncludes index. | ||
| 650 |
_aEquality _xUS |
||
| 650 |
_aMarginality,social _xUS |
||
| 650 |
_aMinorities,social _xUS |
||
| 650 |
_aWomen _xsocial conditions |
||
| 942 |
_cBK _2lcc _kFOR |
||
| 999 |
_c20186 _d20186 |
||